Americanization /

Bibliographic Details
Main Author: Aronovici, Carol, 1881-1957
Format: Book
Language:English
Published: St. Paul : Keller publishing co., 1919.
Subjects:

MARC

Tag First Indicator Second Indicator Subfields
LEADER 00000cam a2200000 4500
001 in00000053658
005 20151008050327.0
008 750819s1919 mnu 00000 eng u
010 |a  19015335  
035 |a (OCoLC)01561136 
035 |9 AAG0461AM 
040 |c TOL  |d TXA  |d UtOrBLW 
049 |a TXAM  |c [46185] 
050 0 |a JK1758  |b .A8 
092 |a 325.73  |b A712a 
100 1 |a Aronovici, Carol,  |d 1881-1957. 
245 1 0 |a Americanization /  |c [by] Carol Aronovici... 
264 1 |a St. Paul :  |b Keller publishing co.,  |c 1919. 
300 |a 48 pages ;  |c 16 cm. 
336 |a text  |b txt  |2 rdacontent 
337 |a unmediated  |b n  |2 rdamedia 
338 |a volume  |b nc  |2 rdacarrier 
650 0 |a Americanization. 
999 |a MARS 
999 f f |s 76ee3be0-5603-3eb1-9e82-1632d7980bc7  |i 7e7e1bdb-fa26-3d5d-b0ab-24977abeb54a  |t 0 
952 f f |p ric  |a Texas A&M University  |b Rellis Campus  |c Joint Library Facility  |d Remote Storage  |t 0  |e JK1758 .A8  |h Library of Congress classification  |i unmediated -- volume  |m A14826817618 
998 f f |a JK1758 .A8  |t 0  |l Remote Storage